L´Ingegnoso Cittadino Don Chisciotte della Mancia (Record no. 3171)
[ view plain ]
| 000 -CABECERA | |
|---|---|
| campo de control de longitud fija | 02004nam a2200289 a 4500 |
| 001 - NÚMERO DE CONTROL | |
| campo de control | BRCA_3435 |
| 005 - FECHA Y HORA DE LA ÚLTIMA TRANSACCIÓN | |
| campo de control | 20190320204300.0 |
| 041 ## - CÓDIGO DE LENGUA | |
| Código de lengua del texto/banda sonora o título independiente | ita |
| 044 ## - CÓDIGO DEL PAÍS DE LA ENTIDAD EDITORA/PRODUCTORA | |
| Código MARC del país | it |
| 084 ## - OTRO NÚMERO DE CLASIFICACIÓN | |
| Número de clasificación | 724 |
| Número de documento/Ítem | .A49 |
| -- | 1818 |
| 100 1# - ENTRADA PRINCIPAL--NOMBRE DE PERSONA | |
| Nombre de persona | Cervantes Saavedra, Miguel de |
| Fechas asociadas al nombre | 1547-1616 |
| 9 (RLIN) | 213 |
| 245 10 - MENCIÓN DE TÍTULO | |
| Título | L´Ingegnoso Cittadino Don Chisciotte della Mancia |
| Mención de responsabilidad, etc. | Opera di Michele di Cervantes Saavedra ; Traduzione nuovissima dall´originale spagnolo, colla Vita dell´ Autore da Bartolomeo Gamba. |
| 260 ## - PUBLICACIÓN, DISTRIBUCIÓN, ETC. | |
| Lugar de publicación, distribución, etc. | Venecia |
| Nombre del editor, distribuidor, etc. | Alvisopoli |
| Fecha de publicación, distribución, etc. | 1818-19 |
| 300 ## - DESCRIPCIÓN FÍSICA | |
| Extensión | 4 v. en 8 tomos |
| Otras características físicas | il. |
| Dimensiones | 16 cm. |
| 500 ## - NOTA GENERAL | |
| Nota general | Contenido : v.1-2. Primera parte. Advertencia de los editores. Relación de la vida y obras de Cervantes tomada de Pellicer y Quintana. Dedicatoria y prólogo del autor. 1818. -- v.3-4. Primera parte. Texto. 1818. -- v.5-6. Segunda parte. Dedicatoria y prólogo del autor. 1819. -- v.7-8. Segunda parte. Texto. 1819 |
| 500 ## - NOTA GENERAL | |
| Nota general | Traducción de Bartolomeo Gamba que siguió el texto de la edición madrileña de 1608 (Cuesta), el cual reproduce, salvo en contados casos, con bastante fidelidad. Su estilo es fluido y elegante y los poemas están traducidos con refinado gusto. También suprime los versos preliminares; en cambio, merece elogios por haber vertido al italiano las dedicatorias cervantinas de ambas partes y el prólogo de la segunda. Datos sobre la vida de Cervantes están tomados de Pellicer y Quintana. Pulcramente impresa con finos tipos. Va adornada con láminas dibujadas y grabadas por F. Novelli. Semipiel; lomos y planos decorados con dorados Lúdovik Osterc |
| 500 ## - NOTA GENERAL | |
| Nota general | QM544 |
| 546 ## - NOTA DE LENGUA/LENGUAJE | |
| Nota de lengua/lenguaje | Texto en : italiano |
| 650 14 - PUNTO DE ACCESO ADICIONAL DE MATERIA--TÉRMINO DE MATERIA | |
| Término de materia o nombre geográfico como elemento de entrada | Novela española |
| Subdivisión cronológica | Época clásica, 1500-1700 |
| 9 (RLIN) | 215 |
| 650 14 - PUNTO DE ACCESO ADICIONAL DE MATERIA--TÉRMINO DE MATERIA | |
| Término de materia o nombre geográfico como elemento de entrada | Literatura española |
| Subdivisión cronológica | Época clásica, 1500-1700 |
| 9 (RLIN) | 216 |
| 650 14 - PUNTO DE ACCESO ADICIONAL DE MATERIA--TÉRMINO DE MATERIA | |
| Término de materia o nombre geográfico como elemento de entrada | Novela española |
| Subdivisión cronológica | Siglo XVII |
| 9 (RLIN) | 217 |
| 650 14 - PUNTO DE ACCESO ADICIONAL DE MATERIA--TÉRMINO DE MATERIA | |
| Término de materia o nombre geográfico como elemento de entrada | Don Quijote (Personaje ficticio) |
| Término indicativo de función/relación | Novela |
| 9 (RLIN) | 218 |
| 700 1# - PUNTO DE ACCESO ADICIONAL--NOMBRE DE PERSONA | |
| Nombre de persona | Gamba, Bartolomeo |
| Fechas asociadas al nombre | 1766-1841 |
| Término indicativo de función/relación | Traductor |
| 9 (RLIN) | 8995 |
| 740 0# - PUNTO DE ACCESO ADICIONAL--TÍTULO RELACIONADO O ANALÍTICO NO CONTROLADO | |
| Título relacionado o analítico no controlado | El Ingenioso Hidalgo Don Quijote de la Mancha |
| 902 ## - CATALOGADOR | |
| Iniciales | QFM |
| 942 ## - ELEMENTOS DE PUNTO DE ACCESO ADICIONAL (KOHA) | |
| Fuente del sistema de clasificación o colocación | Library of Congress Classification |
| Tipo de ítem Koha | Libros |
| Estado de retiro | Estado de pérdida | Estado dañado | No para préstamo | Localización permanente | Ubicación/localización actual | Fecha de adquisición | Número de inventario | Total de préstamos | Signatura topográfica completa | Código de barras | Fecha visto por última vez | Precio válido a partir de | Tipo de ítem Koha |
|---|---|---|---|---|---|---|---|---|---|---|---|---|---|
| El ejemplar forma parte de la colección y puede ser consultado según las políticas vigentes. | Biblioteca del Museo Franz Mayer (Rogerio Casas-Alatriste) | Biblioteca del Museo Franz Mayer (Rogerio Casas-Alatriste) | 13/04/2009 | QM544 | 724 .A49 1818 (QM544) | 3432 | 22/03/2019 | 22/03/2019 | Libros |